000 00376nam a2200169Ia 4500
100 _aSchwalbe/Kathy
650 _aProject Management
942 _cBK
366 _f25
654 _aproject management
245 _aProject management in IT
260 _bCengage Learning
_c2007
082 _a5.15
_bSCH
300 _a457
546 _aENGLISH
_celectronics
999 _c18325
_d18325